[Event "8343 - TOP20 Saison 2006-2007"]
[Site "Loire"]
[Date "2006.11.18"]
[Round "3.10"]
[White "Maestracci, Olivier"]
[Black "Zennaf, Karim"]
[Result "1/2-1/2"]
[WhiteElo "1590"]
[BlackElo "1790"]
[PlyCount "91"]
[EventDate "2006.11.18"]

1. e4 e6 2. d4 d5 3. Nd2 Nf6 4. e5 Ng8 5. Bd3 b6 6. c3 Qd7 7. Ne2 Ba6 8. Bc2 c5
9. O-O Nc6 10. Nf3 cxd4 11. cxd4 g6 12. Re1 Bg7 13. Nf4 Nge7 14. a3 Rc8 15. b4
O-O 16. Rb1 Bb7 17. h3 Rc7 18. g3 Rfc8 19. Bd3 Nb8 20. Bd2 a6 21. Rc1 Bc6 22.
Qb3 Bb5 23. Rxc7 Rxc7 24. Rc1 Bxd3 25. Rxc7 Qxc7 26. Nxd3 Qc4 27. Qc3 b5 28.
Nc5 Bf8 29. Ng5 Nec6 30. Qf3 Nd8 31. Qc3 Bxc5 32. dxc5 d4 33. Qxc4 bxc4 34. Ne4
Nbc6 35. f4 Ne7 36. a4 Nd5 37. b5 c3 38. Bc1 d3 39. c6 d2 40. Nxd2 cxd2 41.
Bxd2 axb5 42. axb5 Ne7 43. Ba5 Nexc6 44. bxc6 Nxc6 45. Bc3 h5 46. Kg2 1/2-1/2

[Event "8343 - TOP20 Saison 2006-2007"]
[Site "Loire"]
[Date "2007.01.13"]
[Round "4.1"]
[White "Petit, Didier"]
[Black "Valet, Godeffroy"]
[Result "1-0"]
[WhiteElo "1933"]
[BlackElo "1986"]
[PlyCount "171"]
[EventDate "2007.??.??"]

1. Nf3 e6 2. d4 Nf6 3. Bg5 Nc6 4. e3 Be7 5. Be2 b6 6. Nbd2 Bb7 7. O-O O-O 8. a3
Nd5 9. Bxe7 Ndxe7 10. e4 f5 11. Bd3 Qe8 12. c3 Rc8 13. Re1 Qh5 14. h3 Ng6 15.
exf5 Nf4 16. Be4 exf5 17. Bc2 Rf6 18. Nh2 Qg5 19. g3 Nxh3+ 20. Kf1 Ba6+ 21. Kg2
Nf4+ 22. Kg1 Rg6 23. Ndf1 Na5 24. Re5 Rf8 25. b3 Bb7 26. f3 d6 27. Re1 Rh6 28.
Qd2 Nh3+ 29. Kg2 Qh5 30. c4 Ng5 31. d5 Qxh2+ 32. Nxh2 Rxh2+ 33. Kxh2 Nxf3+ 34.
Kh3 Nxd2 35. Re3 Bc8 36. Kg2 Ne4 37. Bxe4 fxe4 38. Rxe4 Nxb3 39. Rd1 Bg4 40.
Rxg4 Re8 41. Kf3 Nc5 42. Rf4 Nd7 43. Kf2 Ne5 44. Rdd4 h5 45. Kf1 Kh7 46. Rde4
Rg8 47. Kg2 a6 48. a4 g5 49. Rf1 Kg6 50. a5 g4 51. Rb1 Rb8 52. Kf1 Rf8+ 53. Kg2
bxa5 54. c5 Nd3 55. cxd6 Nc5 56. Rf4 Rc8 57. dxc7 Rxc7 58. Rb6+ Kg7 59. Rc6
Rxc6 60. dxc6 Ne6 61. Rf5 Kg6 62. Rc5 Nc7 63. Rxa5 Kf6 64. Ra1 Ke6 65. Rd1 Nb5
66. Kf2 a5 67. Ke3 a4 68. Kf4 a3 69. Kg5 a2 70. Kxh5 Ke7 71. Kxg4 Nc3 72. Ra1
Kd6 73. Kf5 Kxc6 74. g4 Kd7 75. Ke5 Ke7 76. Kd4 Nb5+ 77. Kd3 Kf6 78. Rxa2 Nc7
79. Ra5 Ne8 80. Ke3 Kg6 81. Kf4 Nf6 82. Ra6 Kf7 83. Kg5 Ne8 84. Kh6 Ke7 85. g5
Kf7 86. Kh7 1-0

[Event "8343 - TOP20 Saison 2006-2007"]
[Site "Loire"]
[Date "2007.01.13"]
[Round "4.2"]
[White "Cursoux, Gerard"]
[Black "Garon, Pierre"]
[Result "1/2-1/2"]
[WhiteElo "2130"]
[BlackElo "1912"]
[PlyCount "56"]
[EventDate "2007.??.??"]

1. e4 Nf6 2. e5 Nd5 3. d4 d6 4. Nf3 Bg4 5. Be2 c6 6. Ng5 Bf5 7. e6 fxe6 8. Bh5+
Kd7 9. O-O Qa5 10. c4 Nf6 11. Bf3 h6 12. Nf7 Rg8 13. Ne5+ Kc7 14. Nd3 Bxd3 15.
Qxd3 Qf5 16. Qe2 Nbd7 17. g4 Qh7 18. Qxe6 g5 19. Nc3 h5 20. Be3 hxg4 21. Bxg4
Nxg4 22. Qxg4 Nf6 23. Qg2 Bh6 24. c5 g4 25. cxd6+ exd6 26. Rac1 a6 27. Rfe1
Rae8 28. Bxh6 Qxh6 1/2-1/2

[Event "8343 - TOP20 Saison 2006-2007"]
[Site "Loire"]
[Date "2007.01.13"]
[Round "4.3"]
[White "Guevorkian, Spartak"]
[Black "Deville, Olivier"]
[Result "1-0"]
[WhiteElo "1870"]
[BlackElo "2039"]
[PlyCount "121"]
[EventDate "2007.??.??"]

1. d4 d5 2. Nf3 Nf6 3. Bf4 c5 4. c3 Qb6 5. Qb3 c4 6. Qxb6 axb6 7. e3 b5 8. Be2
e6 9. Nbd2 Nc6 10. O-O b4 11. Rfe1 bxc3 12. bxc3 Ra3 13. Nb1 Ra5 14. a4 b5 15.
Bd1 b4 16. cxb4 Bxb4 17. Re2 O-O 18. Rb2 Ne4 19. Ne5 Nxe5 20. Bxe5 Bc3 21. Nxc3
Nxc3 22. Bc2 Bd7 23. Bd6 Rfa8 24. Rb7 R5a7 25. Rxa7 Rxa7 26. a5 Ra6 27. Bc5 f6
28. Bb4 Nb5 29. Ba4 Bc6 30. Bxb5 Bxb5 31. Kf1 Kf7 32. Ke1 e5 33. Kd2 exd4 34.
exd4 Re6 35. Bc3 f5 36. Rb1 Ba6 37. Rb8 Re8 38. Rb2 Re7 39. Bb4 Rb7 40. Kc3 Rb8
41. Re2 Re8 42. Re5 Rxe5 43. dxe5 Ke6 44. f4 g5 45. g3 gxf4 46. gxf4 Kd7 47.
Kd4 Kc6 48. e6 Bc8 49. e7 Bd7 50. Ke5 Be8 51. Kxf5 d4 52. Ke4 d3 53. Kd4 Bf7
54. Bc3 Kd7 55. Kc5 Kxe7 56. a6 Bh5 57. Kxc4 Ke6 58. Kxd3 Kf5 59. Ke3 Be8 60.
a7 Bc6 61. Be5 1-0

[Event "8343 - TOP20 Saison 2006-2007"]
[Site "Loire"]
[Date "2007.01.13"]
[Round "4.5"]
[White "Pareux, Marc"]
[Black "Carrot, Patrick"]
[Result "0-1"]
[WhiteElo "1770"]
[BlackElo "1840"]
[PlyCount "53"]
[EventDate "2007.??.??"]

1. d4 Nf6 2. f3 g6 3. e4 d6 4. Be3 Bg7 5. Qd2 O-O 6. h4 h5 7. Nh3 Nbd7 8. Nf2
e5 9. c3 a6 10. g4 b5 11. Be2 c5 12. Nh3 hxg4 13. Ng5 gxf3 14. Bxf3 Nh5 15.
Bxh5 gxh5 16. Nf3 Nf6 17. Bh6 Nxe4 18. Qe3 exd4 19. cxd4 Re8 20. Kd1 Bg4 21.
Bxg7 Kxg7 22. Kc2 Ng3 23. Qg5+ Qxg5 24. Nxg5 Nxh1 25. dxc5 dxc5 26. Nc3 Ng3 27.
Rd1 0-1

[Event "8343 - TOP20 Saison 2006-2007"]
[Site "Loire"]
[Date "2007.01.13"]
[Round "4.6"]
[White "Barnes, Pierrick"]
[Black "Boblin, Laurent"]
[Result "0-1"]
[WhiteElo "1913"]
[BlackElo "1880"]
[PlyCount "90"]
[EventDate "2007.??.??"]

1. d4 d5 2. c4 c6 3. Nc3 Nf6 4. e3 e6 5. Nf3 a6 6. c5 Nbd7 7. Rb1 Be7 8. Bd3
Qc7 9. b4 e5 10. dxe5 Nxe5 11. Nxe5 Qxe5 12. Bb2 Qg5 13. g3 Bg4 14. Be2 h5 15.
Bxg4 Nxg4 16. f4 Qg6 17. Bc1 Nxh2 18. Rxh2 Qxg3+ 19. Rf2 Bh4 20. Qe2 Qg1+ 21.
Qf1 Bxf2+ 22. Ke2 Qxf1+ 23. Kxf1 Bh4 24. Ne2 Bf6 25. Bd2 Kd7 26. Kg2 Rae8 27.
Kf3 g6 28. Nc3 Bxc3 29. Bxc3 Rh7 30. a4 h4 31. Rh1 Ke6 32. Kg4 h3 33. Rh2 f6
34. a5 Reh8 35. Kg3 Kf5 36. Kf3 Rg8 37. Be1 g5 38. fxg5 fxg5 39. Bg3 g4+ 40.
Ke2 Kg6 41. Bd6 Rf7 42. Be5 Re8 43. Bd4 Kh5 44. Bc3 Rf3 45. Bd2 d4 0-1

[Event "8343 - TOP20 Saison 2006-2007"]
[Site "Loire"]
[Date "2007.01.13"]
[Round "4.7"]
[White "Lafrechoux, Laurent"]
[Black "Desassis, Jean-Francois"]
[Result "1-0"]
[WhiteElo "1952"]
[BlackElo "1570"]
[PlyCount "77"]
[EventDate "2007.??.??"]

1. d4 f5 2. c4 Nf6 3. Nc3 e6 4. Nf3 Be7 5. Bg5 O-O 6. d5 Nxd5 7. cxd5 Bxg5 8.
Nxg5 Qxg5 9. d6 cxd6 10. Nb5 a5 11. Nxd6 Qe7 12. e3 b6 13. Rc1 Ba6 14. Rc7 Bxf1
15. Kxf1 Na6 16. Rc4 Nc5 17. f3 Rf6 18. Rd4 e5 19. Rd5 Raf8 20. Ke2 e4 21. Nc4
Qe6 22. Qd4 exf3+ 23. gxf3 Rg6 24. Kf2 Qe7 25. Ne5 Rh6 26. h4 d6 27. Nc4 Qf6
28. Rxd6 Qxd4 29. Rxd4 g5 30. Rg1 g4 31. fxg4 fxg4+ 32. Kg3 Re8 33. Rxg4+ Rg6
34. Rxg6+ hxg6 35. Kf3 Re6 36. h5 Kg7 37. Rxg6+ Rxg6 38. hxg6 Nd7 39. Kf4 1-0

[Event "8343 - TOP20 Saison 2006-2007"]
[Site "Loire"]
[Date "2007.01.13"]
[Round "4.8"]
[White "Chabas, Jean-Luc"]
[Black "Bruel, Bruno"]
[Result "1/2-1/2"]
[WhiteElo "1550"]
[BlackElo "1840"]
[PlyCount "43"]
[EventDate "2007.??.??"]

1. e4 c5 2. c3 Nf6 3. e5 Nd5 4. d4 cxd4 5. cxd4 e6 6. Nf3 Nc6 7. a3 d6 8. Bd3
Qa5+ 9. Bd2 Qb6 10. Bc3 dxe5 11. dxe5 Bc5 12. Qd2 a5 13. O-O Nce7 14. Bc4 Bd7
15. Rd1 Bc6 16. Bd4 O-O 17. Bxc5 Qxc5 18. Qd4 Qxd4 19. Rxd4 Nf5 20. Rd1 Nb6 21.
Be2 Rfd8 22. Nc3 $11 1/2-1/2

[Event "8343 - TOP20 Saison 2006-2007"]
[Site "Loire"]
[Date "2007.01.13"]
[Round "4.9"]
[White "Zennaf, Karim"]
[Black "Vier, Serge"]
[Result "1-0"]
[WhiteElo "1740"]
[BlackElo "1710"]
[PlyCount "71"]
[EventDate "2007.??.??"]

1. f4 d5 2. Nf3 Nf6 3. g3 Bf5 4. d3 Nbd7 5. Bg2 c6 6. O-O Qc7 7. Qe1 e5 8. Nh4
g6 9. Nxf5 gxf5 10. Kh1 e4 11. d4 O-O-O 12. b3 h5 13. h4 Be7 14. Bh3 Ng4 15.
Bxg4 fxg4 16. Ba3 Bxa3 17. Nxa3 Qd6 18. Qa5 Kb8 19. e3 Qc7 20. Qd2 Nb6 21. c3
Qd6 22. Nc2 Nc8 23. a4 Ne7 24. b4 Rc8 25. Na3 f5 26. c4 Rhd8 27. c5 Qf6 28.
Rfb1 Rd7 29. b5 Qf7 30. a5 Ka8 31. a6 cxb5 32. Nxb5 Rb8 33. Nd6 Qg7 34. axb7+
Rbxb7 35. Rxb7 Rxb7 36. Nxb7 1-0

[Event "8343 - TOP20 Saison 2006-2007"]
[Site "Loire"]
[Date "2007.01.13"]
[Round "4.10"]
[White "Walter, Alain"]
[Black "Maestracci, Olivier"]
[Result "0-1"]
[WhiteElo "1750"]
[BlackElo "1560"]
[PlyCount "98"]
[EventDate "2007.??.??"]

1. e4 e6 2. Nf3 d5 3. exd5 exd5 4. d4 Bd6 5. Bd3 Ne7 6. h3 Bf5 7. O-O Bxd3 8.
Qxd3 O-O 9. Bg5 f6 10. Bh4 c6 11. Bg3 Na6 12. Bxd6 Qxd6 13. a3 Nc7 14. Nbd2
Rfe8 15. Rfe1 Qd7 16. Nf1 Ng6 17. Ng3 Rxe1+ 18. Rxe1 Re8 19. Re3 Rxe3 20. fxe3
Ne8 21. c4 dxc4 22. Qxc4+ Qd5 23. Qxd5+ cxd5 24. Kf1 Kf7 25. Ke2 Nd6 26. Kd3
Nc4 27. Nd2 Nxd2 28. Kxd2 Nh4 29. e4 dxe4 30. Nxe4 Nxg2 31. Nd6+ Ke7 32. Nxb7
Nf4 33. Ke3 Nxh3 34. Nc5 Ng5 35. Nd3 Nf7 36. Nf4 Nd6 37. b3 f5 38. a4 h5 39. d5
g5 40. Nxh5 Kf7 41. Kf3 Kg6 42. Ng3 Kf6 43. Nh5+ Ke5 44. Ke3 Kxd5 45. Nf6+ Kc5
46. Nh7 Ne4 47. Nf8 Kb4 48. Nd7 Kxb3 49. Nb6 Nc5 0-1

[Event "8343 - TOP20 Saison 2006-2007"]
[Site "Loire"]
[Date "2007.02.03"]
[Round "5.1"]
[White "Garon, Pierre"]
[Black "Petit, Didier"]
[Result "1-0"]
[WhiteElo "1912"]
[BlackElo "1933"]
[PlyCount "99"]
[EventDate "2007.??.??"]

1. d4 Nf6 2. Nf3 c5 3. e3 e6 4. Nbd2 d5 5. c3 Nc6 6. Bd3 Bd6 7. O-O Qc7 8. Qe2
O-O 9. dxc5 Bxc5 10. e4 Ne5 11. Nxe5 Qxe5 12. Nf3 Qh5 13. e5 Nd7 14. Be3 b6 15.
Bd4 f5 16. Nd2 Qf7 17. f4 Be7 18. b4 Bb7 19. a4 Rfc8 20. a5 bxa5 21. Rxa5 Nb6
22. Rfa1 Bd8 23. Rxa7 Rxa7 24. Rxa7 Qc7 25. Ba6 Rb8 26. Rxb7 Rxb7 27. Bxb7 Qxb7
28. Qb5 Kf7 29. Nb3 Qc7 30. Na5 Nc4 31. Nxc4 dxc4 32. Bc5 h6 33. Qxc4 Qb7 34.
Qd4 Be7 35. Bxe7 Kxe7 36. Qd6+ Kf7 37. Qd4 Qb5 38. Kf2 Qa4 39. Qd3 g5 40. fxg5
hxg5 41. h3 Qa2+ 42. Kg3 Qb3 43. Qd7+ Kg6 44. Qc6 f4+ 45. Kh2 Kf5 46. b5 Kxe5
47. b6 Kf5 48. b7 g4 49. hxg4+ Kxg4 50. Qc7 1-0

[Event "8343 - TOP20 Saison 2006-2007"]
[Site "Loire"]
[Date "2007.02.03"]
[Round "5.2"]
[White "Guevorkian, Spartak"]
[Black "Cursoux, Gerard"]
[Result "0-1"]
[WhiteElo "1870"]
[BlackElo "2130"]
[PlyCount "56"]
[EventDate "2007.??.??"]

1. d4 d6 2. Nf3 g6 3. Bf4 Bg7 4. e3 Nf6 5. c3 Nh5 6. Bg3 Nxg3 7. hxg3 Nd7 8.
Bc4 e6 9. Qc2 d5 10. Bd3 O-O 11. Nbd2 c5 12. dxc5 Nxc5 13. Nb3 Nxd3+ 14. Qxd3
a5 15. a4 e5 16. Qd2 Qb6 17. Ra3 Rd8 18. Nc1 Bg4 19. Rh4 h5 20. Nh2 g5 21. Rxg4
hxg4 22. Nxg4 d4 23. exd4 exd4 24. Qxg5 Qe6+ 25. Kf1 f5 26. Nh2 dxc3 27. Qe3
Qxe3 28. fxe3 cxb2 0-1

[Event "8343 - TOP20 Saison 2006-2007"]
[Site "Loire"]
[Date "2007.02.03"]
[Round "5.3"]
[White "Valet, Godeffroy"]
[Black "Jedidi, Brahim"]
[Result "1-0"]
[WhiteElo "1986"]
[BlackElo "1840"]
[PlyCount "23"]
[EventDate "2007.??.??"]

1. e4 g6 2. d4 Bg7 3. Be3 c6 4. Nd2 d5 5. e5 Nh6 6. Nb3 O-O 7. h3 Bf5 8. g4 Bc8
9. Qd2 Nxg4 10. hxg4 Bxg4 11. Bh6 Bh5 12. Rxh5 1-0

[Event "8343 - TOP20 Saison 2006-2007"]
[Site "Loire"]
[Date "2007.02.03"]
[Round "5.4"]
[White "Massard, Christian"]
[Black "Carrot, Patrick"]
[Result "0-1"]
[WhiteElo "1890"]
[BlackElo "1840"]
[PlyCount "56"]
[EventDate "2007.??.??"]

1. Nf3 d5 2. c4 d4 3. e3 dxe3 4. fxe3 Nf6 5. Nc3 c5 6. Be2 Nc6 7. O-O g6 8. a3
Bg7 9. d4 cxd4 10. exd4 e6 11. Bg5 Qb6 12. Na4 Qc7 13. Qc2 O-O 14. Rad1 h6 15.
Bh4 Ng4 16. Bg3 Qe7 17. Rd3 e5 18. Nxe5 Ngxe5 19. dxe5 Bf5 20. Rxf5 gxf5 21. e6
Qxe6 22. Nc5 Qc8 23. Kf1 Nd4 24. Rxd4 Bxd4 25. Nb3 Bg7 26. Bd3 Qc6 27. Qe2 Qf6
28. Bf2 Qxb2 0-1

[Event "8343 - TOP20 Saison 2006-2007"]
[Site "Loire"]
[Date "2007.02.03"]
[Round "5.5"]
[White "Deville, Olivier"]
[Black "Boblin, Laurent"]
[Result "1/2-1/2"]
[WhiteElo "2039"]
[BlackElo "1880"]
[PlyCount "48"]
[EventDate "2007.??.??"]

1. e4 c6 2. c4 d5 3. exd5 cxd5 4. d4 Nf6 5. Nc3 Nc6 6. Nf3 Bg4 7. Be3 e6 8. Qb3
Bxf3 9. gxf3 a6 10. cxd5 Nxd5 11. Nxd5 exd5 12. a3 Qd7 13. Bg2 Rd8 14. O-O-O
Na5 15. Qd3 Nc4 16. Rhe1 Be7 17. Bd2 O-O 18. Rg1 Qc7 19. Bc3 Qf4+ 20. Kb1 b5
21. Bh3 h6 22. Rde1 Rfe8 23. Rg4 Qb8 24. Bd2 Nxd2+ 1/2-1/2

[Event "8343 - TOP20 Saison 2006-2007"]
[Site "Loire"]
[Date "2007.02.03"]
[Round "5.6"]
[White "Pareux, Marc"]
[Black "Lafrechoux, Laurent"]
[Result "0-1"]
[WhiteElo "1770"]
[BlackElo "1952"]
[PlyCount "93"]
[EventDate "2007.??.??"]

1. d4 d5 2. e4 dxe4 3. Nc3 Nf6 4. f3 exf3 5. Nxf3 Bg4 6. h3 Bh5 7. g4 Bg6 8.
Ne5 c6 9. Nxg6 hxg6 10. Bg2 e6 11. O-O Bd6 12. Qf3 Qc7 13. Ne2 Na6 14. c4 O-O
15. b3 e5 16. Bb2 exd4 17. Bxd4 Bc5 18. Rad1 Qe7 19. Kh1 Bxd4 20. Nxd4 Rad8 21.
Rfe1 Qc5 22. Qf4 g5 23. Qf5 Rfe8 24. Rxe8+ Nxe8 25. Rf1 Qxf5 26. Nxf5 Kf8 27.
Rf2 g6 28. Ng3 Nc5 29. Ne4 Rd1+ 30. Kh2 Nxe4 31. Bxe4 Ke7 32. Re2 Kd7 33. Bf3
Rd3 34. Kg2 Nd6 35. Rf2 Kc7 36. Kh2 c5 37. Bd5 Kb6 38. Rc2 Ka5 39. Bg2 Kb4 40.
Bf1 Rd1 41. Be2 Ra1 42. Bf3 Ka3 43. Kg3 Rxa2 44. Rxa2+ Kxa2 45. h4 Kxb3 46. Bd5
gxh4+ 47. Kxh4 0-1

[Event "8343 - TOP20 Saison 2006-2007"]
[Site "Loire"]
[Date "2007.02.03"]
[Round "5.7"]
[White "Bruel, Bruno"]
[Black "Barnes, Pierrick"]
[Result "0-1"]
[WhiteElo "1840"]
[BlackElo "1913"]
[PlyCount "64"]
[EventDate "2007.??.??"]

1. d4 Nf6 2. c4 e6 3. Nc3 Bb4 4. Qc2 d5 5. a3 Bxc3+ 6. Qxc3 Ne4 7. Qc2 Nc6 8.
Nf3 O-O 9. e3 Re8 10. Bd3 Nf6 11. b4 h6 12. Bb2 Bd7 13. O-O a6 14. Bc3 dxc4 15.
Bxc4 Nd5 16. Bb2 Nce7 17. Bd3 Bb5 18. Bh7+ Kh8 19. Ne5 Rf8 20. Rfd1 g6 21. Bxg6
fxg6 22. Nxg6+ Nxg6 23. Qxg6 Rf6 24. Qg3 Qe7 25. Kh1 Rg8 26. Qe5 Rg5 27. Qe4
Rxf2 28. Rab1 Rgxg2 29. Qe5+ Qf6 30. Qxf6+ Nxf6 31. d5 Rxh2+ 32. Kg1 Rfg2# 0-1

[Event "8343 - TOP20 Saison 2006-2007"]
[Site "Loire"]
[Date "2007.02.03"]
[Round "5.8"]
[White "Maestracci, Olivier"]
[Black "Chabas, Jean-Luc"]
[Result "1-0"]
[WhiteElo "1560"]
[BlackElo "1550"]
[PlyCount "71"]
[EventDate "2007.??.??"]

1. e4 c6 2. d4 d5 3. Nc3 dxe4 4. Nxe4 Bf5 5. Ng3 Bg6 6. h4 h6 7. Nf3 Nd7 8. h5
Bh7 9. Bd3 Bxd3 10. Qxd3 e6 11. Bd2 Ngf6 12. O-O-O Be7 13. Qe2 O-O 14. Kb1 a5
15. Ne5 Qc8 16. f4 Re8 17. Qf3 a4 18. a3 Nb6 19. Ne2 c5 20. g4 cxd4 21. g5 Nc4
22. Nxc4 Qxc4 23. gxf6 Bxf6 24. Qd3 Qd5 25. Ng3 Be7 26. Ne4 b5 27. Rdg1 Kh8 28.
Nf2 Rec8 29. Ng4 Rc4 30. Ne5 Bxa3 31. Nxc4 b4 32. Nxa3 bxa3 33. Qxa3 Qc4 34.
Rh3 Rd8 35. Rhg3 Rc8 36. Qd3 1-0

[Event "8343 - TOP20 Saison 2006-2007"]
[Site "Loire"]
[Date "2007.02.03"]
[Round "5.9"]
[White "Desassis, Jean-Francois"]
[Black "Zennaf, Karim"]
[Result "1/2-1/2"]
[WhiteElo "1570"]
[BlackElo "1740"]
[PlyCount "57"]
[EventDate "2007.??.??"]

1. d4 c5 2. dxc5 e6 3. Nf3 Bxc5 4. e3 d5 5. b3 Bb4+ 6. c3 Bd6 7. Nbd2 Nf6 8. c4
dxc4 9. Bxc4 O-O 10. Bb2 Nc6 11. Bxf6 Qxf6 12. O-O Qh6 13. Ne4 Bc7 14. Qc2 Ne5
15. Ned2 Nxf3+ 16. Nxf3 Bd7 17. h3 Rac8 18. Qe4 Bc6 19. Qh4 Qg6 20. Be2 Qe4 21.
Rfd1 Qxh4 22. Nxh4 Bd8 23. Nf3 Bf6 24. Nd4 Bxd4 25. Rxd4 Rfd8 26. Rad1 Rxd4 27.
Rxd4 Kf8 28. Rc4 Bd7 29. Rxc8+ 1/2-1/2

[Event "8343 - TOP20 Saison 2006-2007"]
[Site "Loire"]
[Date "2007.02.03"]
[Round "5.10"]
[White "Vier, Serge"]
[Black "Walter, Alain"]
[Result "0-1"]
[WhiteElo "1710"]
[BlackElo "1750"]
[PlyCount "96"]
[EventDate "2007.??.??"]

1. d4 d5 2. c4 e6 3. Nc3 Nf6 4. Bg5 Be7 5. cxd5 Nxd5 6. Bxe7 Qxe7 7. e4 Nxc3 8.
bxc3 O-O 9. Nf3 c5 10. Be2 cxd4 11. cxd4 Qb4+ 12. Qd2 Qxd2+ 13. Nxd2 b6 14. O-O
Bb7 15. f3 Nc6 16. Nb3 Rfd8 17. Rfd1 Rac8 18. Rac1 Kf8 19. Bb5 Ke7 20. Bxc6
Rxc6 21. Rxc6 Bxc6 22. Kf2 Rc8 23. Rc1 Bb7 24. Rxc8 Bxc8 25. Ke3 Ba6 26. g3 Kd6
27. Kd2 f6 28. Kc3 g5 29. Kb4 Be2 30. Nd2 a5+ 31. Kc3 Kc6 32. a4 Bd1 33. f4
gxf4 34. gxf4 Bxa4 35. Nc4 Bb5 36. d5+ exd5 37. exd5+ Kc5 38. d6 Bd7 39. Kb3 h5
40. h4 a4+ 41. Kc3 b5 42. Na5 b4+ 43. Kc2 Kxd6 44. Nc4+ Kc5 45. Nd2 Kd4 46. Kc1
Ke3 47. Nc4+ Kxf4 48. Nb6 Bc6 0-1

[Event "8343 - TOP20 Saison 2006-2007"]
[Site "Loire"]
[Date "2007.03.10"]
[Round "6.1"]
[White "Cursoux, Gerard"]
[Black "Petit, Didier"]
[Result "1/2-1/2"]
[WhiteElo "2130"]
[BlackElo "1933"]
[PlyCount "115"]
[EventDate "2007.??.??"]

1. f4 d5 2. e3 Nf6 3. Nf3 Bg4 4. h3 Bxf3 5. Qxf3 c6 6. d3 Nbd7 7. b3 e5 8. fxe5
Nxe5 9. Qf5 Nfd7 10. Be2 Qh4+ 11. Qf2 Be7 12. O-O O-O 13. d4 Qxf2+ 14. Rxf2 Ng6
15. Nd2 Nf6 16. Bd3 Bb4 17. Nf3 Rfe8 18. Re2 Ne4 19. Bb2 Ng3 20. Rf2 Rxe3 21.
Bc1 Ree8 22. Bg5 Ne4 23. Rff1 Nxg5 24. Nxg5 Bc3 25. Rad1 Bxd4+ 26. Kh1 Bf6 27.
Nf3 Ne5 28. Nxe5 Rxe5 29. a4 h6 30. Rf3 Rae8 31. Rdf1 Re1 32. g4 Rxf1+ 33. Rxf1
Bc3 34. Kg2 g5 35. Rf2 Kg7 36. Kf3 Re7 37. Re2 Rxe2 38. Kxe2 Kf6 39. Bf5 Ke5
40. Kf3 b6 41. Bd7 Kd6 42. Be8 f6 43. Ke3 a6 44. Kd3 Be5 45. Ke3 b5 46. axb5
axb5 47. Kd3 b4 48. Bf7 c5 49. Bg8 h5 50. Bh7 hxg4 51. hxg4 Bd4 52. Bf5 Ke5 53.
Bg6 Kf4 54. Bf5 Bc3 55. Bd7 Ke5 56. Bc8 Kd6 57. Bb7 Be5 58. Bc8 1/2-1/2

[Event "8343 - TOP20 Saison 2006-2007"]
[Site "Loire"]
[Date "2007.03.10"]
[Round "6.2"]
[White "Carrot, Patrick"]
[Black "Garon, Pierre"]
[Result "0-1"]
[WhiteElo "1840"]
[BlackElo "1912"]
[PlyCount "84"]
[EventDate "2007.??.??"]

1. e4 Nf6 2. e5 Nd5 3. c4 Nb6 4. a4 d6 5. a5 N6d7 6. e6 fxe6 7. d4 g6 8. Bd3
Bg7 9. Nf3 Nc6 10. Ng5 Nf8 11. Be3 e5 12. d5 Nd4 13. Nd2 h6 14. Nge4 Bf5 15.
O-O Nh7 16. Bc2 Nxc2 17. Qxc2 O-O 18. Qc1 Nf6 19. Ng3 Ng4 20. Nxf5 Rxf5 21. Ne4
Nxe3 22. Qxe3 Qd7 23. Qg3 Kh7 24. Qh3 Qe8 25. Ra3 Qf7 26. Rg3 Bf6 27. Rg4 Rh5
28. Qg3 Rf8 29. Re1 Rf5 30. Re3 Rg8 31. Qh3 Rh5 32. Qg3 Rg7 33. Rf3 Rf5 34. Rb3
b6 35. axb6 axb6 36. Ra3 e6 37. Ra7 Qg8 38. Qh3 exd5 39. cxd5 Qxd5 40. Nc3 Qd2
41. Ra1 Qxf2+ 42. Kh1 Qf1+ 0-1

[Event "8343 - TOP20 Saison 2006-2007"]
[Site "Loire"]
[Date "2007.03.10"]
[Round "6.3"]
[White "Valet, Godeffroy"]
[Black "Guevorkian, Spartak"]
[Result "1-0"]
[WhiteElo "1986"]
[BlackElo "1870"]
[PlyCount "159"]
[EventDate "2007.??.??"]

1. e4 d6 2. d4 Nf6 3. Nc3 Nbd7 4. Bc4 e5 5. Nf3 Be7 6. O-O O-O 7. h3 c6 8. Bb3
a5 9. a4 Qc7 10. Be3 h6 11. Qe2 Nb6 12. dxe5 dxe5 13. Bxb6 Qxb6 14. Nxe5 Bb4
15. Na2 Qc7 16. Nd3 Re8 17. e5 Bf8 18. Nc3 Bf5 19. f4 Nd7 20. Kh1 Rad8 21. Ne4
Qb6 22. g4 Bxe4+ 23. Qxe4 Nf6 24. Qf3 Nd5 25. Rae1 Bc5 26. Nxc5 Qxc5 27. Rg1
Qd4 28. Re4 Qxb2 29. g5 hxg5 30. Rxg5 Re6 31. Qg3 g6 32. f5 Re7 33. f6 Red7 34.
e6 Nxf6 35. exd7 Nxe4 36. Rxg6+ Kf8 37. Rg8+ Ke7 38. Qh4+ Nf6 39. Qe1+ Kxd7 40.
Qd1+ Nd5 41. Bxd5 Rxg8 42. Bxf7+ Kc7 43. Bxg8 Qa3 44. Bb3 Qe7 45. Qf3 Qe1+ 46.
Kg2 Qd2+ 47. Kg3 Qg5+ 48. Qg4 Qe3+ 49. Kg2 Qd2+ 50. Kf3 Qc3+ 51. Ke4 Qb4+ 52.
Kf5 Qf8+ 53. Kg6 Qd6+ 54. Kh7 Kb6 55. Qg1+ Kc7 56. Qg7+ Kb6 57. h4 Qc5 58. Qg5
Qd4 59. h5 c5 60. h6 Ka7 61. Qd5 Qe3 62. Kg7 Qe7+ 63. Kg6 Qe8+ 64. Qf7 Qe4+ 65.
Kg7 Qg4+ 66. Kh8 Qd4+ 67. Kg8 Qg4+ 68. Kh7 Qe4+ 69. Qg6 Qd4 70. Qd3 Qf6 71. Qe4
Qd6 72. Be6 Qe7+ 73. Kg6 Qe8+ 74. Kg5 Qd8+ 75. Kh5 Qe8+ 76. Kg4 Qh8 77. h7 Qg7+
78. Kf3 Qf6+ 79. Ke2 Qg7 80. Bc8 1-0

[Event "8343 - TOP20 Saison 2006-2007"]
[Site "Loire"]
[Date "2007.03.10"]
[Round "6.4"]
[White "Lafrechoux, Laurent"]
[Black "Deville, Olivier"]
[Result "1-0"]
[WhiteElo "1952"]
[BlackElo "2039"]
[PlyCount "51"]
[EventDate "2007.??.??"]

1. e4 c5 2. Nf3 e6 3. d4 cxd4 4. Nxd4 Nc6 5. c4 Nf6 6. Nc3 Bb4 7. f3 d5 8. cxd5
exd5 9. Bb5 Qc7 10. Qa4 Bd7 11. Bxc6 Bxc3+ 12. bxc3 bxc6 13. exd5 c5 14. Qc4
O-O 15. O-O Qb6 16. Nc6 Bxc6 17. dxc6 Qxc6 18. Be3 Rac8 19. Rab1 Rfe8 20. Bf2
Nd5 21. Rfe1 Nb6 22. Rxe8+ Qxe8 23. Qa6 Qa4 24. Qb7 Rd8 25. Re1 Qxa2 26. Qe7
1-0

[Event "8343 - TOP20 Saison 2006-2007"]
[Site "Loire"]
[Date "2007.03.10"]
[Round "6.5"]
[White "Barnes, Pierrick"]
[Black "Massard, Christian"]
[Result "0-1"]
[WhiteElo "1913"]
[BlackElo "1890"]
[PlyCount "98"]
[EventDate "2007.??.??"]

1. e4 d5 2. exd5 Qxd5 3. Nc3 Qa5 4. d4 c6 5. Nf3 Bg4 6. h3 Bh5 7. Bd2 Nd7 8. b4
Qc7 9. a4 Ngf6 10. Be2 e6 11. Rb1 Be7 12. O-O O-O 13. Re1 Rfd8 14. Qc1 Nb6 15.
Bf4 Bd6 16. Be5 Nbd7 17. Qf4 Bxe5 18. dxe5 Bg6 19. Bd1 Nf8 20. g4 Nd5 21. Qc4
Nxc3 22. Qxc3 Rd5 23. Nh4 Rad8 24. Bf3 Rd2 25. Nxg6 Nxg6 26. a5 Qe7 27. Be4 Qg5
28. Bd3 Qf4 29. Qc5 Nh4 30. Qe3 Nf3+ 31. Kf1 Qxe3 32. Rxe3 R2xd3 33. cxd3 Nd2+
34. Ke2 Nxb1 35. d4 Rxd4 36. Rb3 Nd2 37. Rd3 Rxd3 38. Kxd3 Nb1 39. Kc4 b6 40.
f4 Kf8 41. h4 Nd2+ 42. Kd3 Nb3 43. axb6 axb6 44. Kc3 Nc1 45. b5 c5 46. Kd2 Nb3+
47. Kd3 Ke7 48. Kc3 Nd4 49. Kd3 g6 0-1

[Event "8343 - TOP20 Saison 2006-2007"]
[Site "Loire"]
[Date "2007.03.10"]
[Round "6.6"]
[White "Boblin, Laurent"]
[Black "Maestracci, Olivier"]
[Result "1-0"]
[WhiteElo "1880"]
[BlackElo "1560"]
[PlyCount "65"]
[EventDate "2007.??.??"]

1. e4 e6 2. d4 d5 3. Nd2 Nf6 4. e5 Nfd7 5. Bd3 c5 6. c3 Nc6 7. Ne2 Qb6 8. Nf3
f6 9. exf6 Nxf6 10. O-O Bd6 11. Rb1 cxd4 12. Nexd4 Nxd4 13. cxd4 Bd7 14. Re1
O-O 15. Bg5 Rac8 16. Bh4 a6 17. Bg3 Bxg3 18. hxg3 Qd6 19. Ne5 Rc7 20. g4 Bc8
21. g5 Ne4 22. Bxe4 dxe4 23. Rxe4 Qd5 24. Rh4 Qxa2 25. d5 Qxd5 26. Qh5 g6 27.
Nxg6 Qf5 28. Nxf8 Qxb1+ 29. Kh2 Qf5 30. Nxh7 Qf7 31. Nf6+ Kf8 32. Qh8+ Ke7 33.
Rh7 1-0